Представление документа в формате MARC21

Поле Инд. ПП Название Значение
Тип записи a
Библиографический уровень b
001 Контрольный номер RU/IS/BASE/440686687
005 Дата корректировки 20200522191630.6
008 Кодируемые данные 20131218
040 b Код языка каталог. rus
e Правила каталог. PSBO
041 0_ a Код языка текста rus
084 a Индекс другой классификации/Индекс ББК 87.3(0); 87.22
100 1_ a Автор Ганзел И.
q Полное имя Ганзел Игорь
245 10 a Заглавие Представление, дух и образование мыслей: Фреге, Гегель, Леонтьев и Ильенков
504 a Библиография Библиогр.: с. 106
520 0_ a Аннотация В статье исследуется вопрос образования представлений и мыслей. Эта тема будет рассматриваться на основе анализа взглядов Фреге, Гегеля, Леонтьева и Ильенкова на представления и мысли. На их основе будет предложен синтез и в то же время преодоление их недостатков за счет привлечения взглядов Ю. Хабермаса касательно формальной прагматики
600 a Персоналии Фреге Готлоб
a Персоналии Гегель Георг Вильгельм Фридрих
a Персоналии Леонтьев Алексей Николаевич
a Персоналии Ильенков Эвальд Васильевич
a Персоналии Хабермас Юрген
650 14 a Основная рубрика история философии
a Основная рубрика философия
653 a Ключевые слова идеальное
a Ключевые слова мысли
a Ключевые слова мыслительная деятельность
a Ключевые слова мышление субъективное
a Ключевые слова познание
a Ключевые слова представление
a Ключевые слова психический образ
a Ключевые слова психология
a Ключевые слова чувственный мир
a Ключевые слова эпистемология
773 08 t Заглавие источника Вопросы философии
d Дата издания источника 2013
g Прочая информация № 5. - С. 94 - 106 : схем.
w Контрольный № источника RU/IS/BASE/424277693
901 t Тип документа b